Stefan Zweig's Greatest Stories - Statistics

General Stats
  • This quiz has been taken 6 times
  • The average score is 2 of 19
Answer Stats
Hint Answer % Correct
1920 Fear (Angst)
75%
1942 The Royal Game or Chess or Chess Story (Schachnovelle)
75%
1946 (posthumous) Balzac
25%
1929 Joseph Fouché
25%
1942 Amerigo
0%
1929 Buchmendel
0%
1913 Burning Secret (Brennendes Geheimnis)
0%
1920 Compulsion (Zwang)
0%
1927 Confusion of Feelings (Verwirrung der Gefühle)
0%
1938 Conqueror of the Seas: The Story of Magellan (Magellan. Der Mann und seine Tat)
0%
1927 Decisive Moments in History (Sternstunden der Menschheit)
0%
1939 Beware of Pity (Ungeduld des Herzens)
0%
1927 Downfall of the Heart (Untergang eines Herzens)
0%
1922 Fantastic Night (Phantastische Nacht)
0%
1900 Forgotten Dreams (Vergessene Träume)
0%
1922 Letter from an Unknown Woman (Brief einer Unbekannten)
0%
1932 Marie Antoinette: The Portrait of an Average Woman (Marie Antoinette. Bildnis eines mittleren Charakters)
0%
1942 The World of Yesterday (Die Welt von Gestern)
0%
1927 Twenty-Four Hours in the Life of a Woman (Vierundzwanzig Stunden aus dem Leben einer Frau)
0%
No matching quizzes found
Score Distribution
Percent of People with Each Score
Percentile by Number Answered
Your Score History
You have not taken this quiz